| 000 | 00429nam a2200145 a 4500 | ||
|---|---|---|---|
| 001 | 000034853 | ||
| 005 | 20200930073938.0 | ||
| 008 | 111020s1974 xxuc 000 0 spa d | ||
| 040 |
_aDO-SdBNP _bspa _cBNPHU |
||
| 082 | _aXXXX | ||
| 100 | 1 |
_aMackey, Mary _960384 |
|
| 245 | 1 | 0 |
_aSplit ends : _bpoems / _cMary Mackey. |
| 260 |
_aUnited Stated of America : _bMama´s press, women printers, _c1974. |
||
| 300 |
_a63 p. : _bretrs. ; _c21 cm. |
||
| 999 |
_c34344 _d34344 |
||